书目信息 |
| 题名: |
细胞生物学实验技术
|
|
| 作者: | 章静波 , 黄东阳 , 方瑾 主编 | |
| 分册: | ||
| 出版信息: | 北京 化学工业出版社 2006 |
|
| 页数: | 233页 | |
| 开本: | 26cm | |
| 丛书名: | 生物实验室系列 | |
| 单 册: | ||
| 中图分类: | Q2-33 | |
| 科图分类: | ||
| 主题词: | 细胞生物学--实验技术 , 细胞生物学 | |
| 电子资源: | ||
| ISBN: | 7-5025-8574-5 | |
| 000 | 00976oam2 2200289 450 | |
| 001 | 012007816447 | |
| 005 | 20070522164305.71 | |
| 010 | @a7-5025-8574-5@dCNY38.00 | |
| 100 | @a20070515d2006 km y0chiy0120 ea | |
| 101 | 0 | @achi |
| 102 | @aCN@b110000 | |
| 105 | @aa z 000yy | |
| 106 | @ar | |
| 200 | 1 | @a细胞生物学实验技术@Axi bao sheng wu xue shi yan ji shu@f章静波,黄东阳,方瑾主编@Fzhang jing bo,huang dong yang,fang jin zhu bian |
| 210 | @a北京@c化学工业出版社@d2006 | |
| 215 | @a233页@c图@d26cm | |
| 225 | 2 | @a生物实验室系列 |
| 330 | @a本书介绍了显微镜技术、细胞结构与成分的显示技术、细胞生理实验、细胞培养和分析等内容。 | |
| 461 | 0 | @12001 @a生物实验室系列 |
| 606 | 0 | @a细胞生物学@x实验技术 |
| 606 | 0 | @a细胞生物学 |
| 690 | @aQ2-33@v4 | |
| 701 | 0 | @a章静波@Azhang jing bo@f(1938~)@4主编 |
| 701 | 0 | @a黄东阳@Ahuang dong yang@f(1957~)@4主编 |
| 701 | 0 | @a方瑾@Afang jin@c(女,@f1961.1~)@4主编 |
| 801 | 0 | @aCN@bRULIN@c20070522 |
| 905 | @dQ2-33@e31@s8 | |
| 细胞生物学实验技术/章静波,黄东阳,方瑾主编.-北京:化学工业出版社,2006 |
| 233页:图;26cm.-(生物实验室系列) |
| ISBN 7-5025-8574-5:CNY38.00 |
| 本书介绍了显微镜技术、细胞结构与成分的显示技术、细胞生理实验、细胞培养和分析等内容。 |
| ● |
| 相关链接 |
|
|
|
|
正题名:细胞生物学实验技术
索取号:Q2-33/31
 
预约/预借
| 序号 | 登录号 | 条形码 | 馆藏地/架位号 | 状态 | 备注 |
| 1 | 0579065 | 205790651 | 第二样本阅览室/ [索取号:Q2-33/31] | 在馆 | |
| 2 | 0579066 | 205790660 | 第三借阅区/ [索取号:Q2-33/31] | 在馆 | |
| 3 | 0579067 | 205790679 | 第三借阅区/ [索取号:Q2-33/31] | 在馆 | |
| 4 | 0579068 | 205790688 | 第三借阅区/ [索取号:Q2-33/31] | 在馆 | |
| 5 | 0579069 | 205790697 | 第三借阅区/ [索取号:Q2-33/31] | 在馆 | |
| 6 | 0579070 | 205790704 | 第三借阅区/ [索取号:Q2-33/31] | 在馆 | |
| 7 | 0579071 | 205790713 | 第三借阅区/ [索取号:Q2-33/31] | 在馆 | |
| 8 | 0579072 | 205790722 | 第三借阅区/ [索取号:Q2-33/31] | 在馆 |